000 01388nam0a2200325 4500
001 RU\NLR\bibl\2065549
005 201312201412
021 _aRU
_b2013-58969
_94059
035 _a(NLR Aleph) 002052060
035 _a(nilc)RuMoRGB-006614391
090 _a4646214
_c4646214
100 _a20130729d2011 u y0rusy50 ca
101 0 _arus
_afre
102 _aRU
105 _aa |||||
200 1 _aParlons peinture francaise
_eучебно-методическое пособие
_fА. П. Снитько
_gМ-во образования и науки Рос. Федерации, ФГБОУ ВПО "Магнитогор. гос. ун-т"
205 _a[2-е изд., испр. и доп.]
210 _aМагнитогорск
_cИзд-во Магнитогорского государственного университета
_d2011
215 _a186 с.
_cцв. ил.
_d20
606 1 _aФранцузский язык
_jУчебные издания для высших учебных заведений
_2nlr_sh2
_3RU\NLR\AUTH\66964829
686 1 _aШ147.11-93рус31
700 1 _aСнитько
_bА. П.
_gАнастасия Павловна
801 0 _aRU
_bRuMoRKP
_c20130729
_gRCR
801 1 _aRU
_bRuMoRKP
_c20130729
_2rusmarc
801 2 _aRU
_bРГБ
_c20130731
801 2 _aRU
_bNLR
_c20130822
_grcr
942 _cBOOK
980 _aNBR
980 _aNB